00405nam a2200169Ia 4500008004100000041001200041082001600053100001700069245003000086365000800116520001300124546001200137630003000149650001300179655001300192730003000205101110s9999 xx 000 0 und d aENGLISH bSR2385a380 aSymonds F.A. aCommercial Correspondence b4.8 aCommerce aENGLISH aCommercial Correspondence aCommerce aCommerce aCommercial Correspondence